Statistics for Norwegian Overseas Territories

Click here to take the quiz!

General Stats

  • This quiz has been taken 26 times
  • The average score is 3 of 5

Answer Stats

HintAnswer% Correct
Home to the Northernmost Town in the WorldSvalbard
88%
This Island is sometimes considered as part of the Territory aboveJan Mayen
76%
This Island is claimed to be the most remote in the worldBouvet Island
71%
Norwegian claim to this barren continentQueen Maud Land
29%
This Island is 450km away from continental AntarcticaPeter I Island
18%

Score Distribution

Percentile by Number Answered

Percent of People with Each Score

Your Score History

You have not taken this quiz